Loading...
| Literature - British | 0 | 2 | 0 | 0 | 20 | 99 | 103.00 | 1 | 1 | 4.82 | 7.27 |
| Social Science | 0 | 1 | 0 | 0 | 10 | 103 | 103.00 | 0 | 0 | 1.78 | 2.73 |
| History - European | 0 | 1 | 0 | 0 | 10 | 25 | 25.00 | 0 | 1 | 7.26 | 7.27 |
| Literature - European | 0 | 1 | 0 | 0 | 10 | 139 | 139.00 | 0 | 0 | 0.00 | 4.55 |
| Other Academic | 0 | 1 | 0 | 0 | 10 | 13 | 13.00 | 1 | 1 | 30.15 | 26.67 |
| Pop Culture | 0 | 1 | 0 | 0 | 10 | 63 | 63.00 | 1 | 1 | 29.41 | 50.00 |
| Fine Arts - Classical Music | 0 | 1 | 0 | 0 | 10 | 125 | 125.00 | 0 | 0 | 0.00 | 0.91 |
| Philosophy | 0 | 1 | 1 | 0 | 5 | 127 | 127.00 | 0 | 0 | -0.07 | 1.82 |
| Fine Arts - Other | 0 | 0 | 0 | 0 | 0 | 0.00 | 0 | 0 | 0.00 | 0.00 | |
| Geography | 0 | 0 | 1 | 0 | -5 | 0.00 | 0 | 0 | 0.00 | 0.00 | |
| History - American | 0 | 0 | 1 | 0 | -5 | 0.00 | 0 | 0 | 0.00 | 0.00 | |
| Science - Biology | 0 | 0 | 2 | 0 | -10 | 0.00 | 0 | 0 | 0.00 | 0.00 |